Websters New World Dictionary and Thesaurus (Record no. 3468)

MARC details
005 - DATE AND TIME OF LATEST TRANSACTION
control field 20250609071804.0
020 ## - INTERNATIONAL STANDARD BOOK NUMBER
International Standard Book Number 0-7645-6339-4
082 ## - DEWEY DECIMAL CLASSIFICATION NUMBER
Classification number REF 423 WEB
100 ## - MAIN ENTRY--PERSONAL NAME
Author name AGNES, M.
245 ## - TITLE STATEMENT
Title Websters New World Dictionary and Thesaurus
250 ## - EDITION STATEMENT
Edition statement 2nd Ed.
260 ## - PUBLICATION, DISTRIBUTION, ETC.
Place of publication, distribution, etc. Canada,
Name of publisher, distributor, etc. John Wiley &son, Inc,
Date of publication, distribution, etc. 2002.
300 ## - PHYSICAL DESCRIPTION
Extent xvii, 750p.: .
Dimensions 24cm.
700 ## - ADDED ENTRY--PERSONAL NAME
Other authors/Editors LAIRD, C.
942 ## - ADDED ENTRY ELEMENTS (KOHA)
Source of classification or shelving scheme Dewey Decimal Classification
Koha item type Books
Holdings
Date last seen Total checkouts Full call number Barcode Cost, replacement price Price effective from Koha item type Lost status Source of classification or shelving scheme Damaged status Not for loan Withdrawn status Home library Current library Shelving location Date acquired Cost, normal purchase price
06/30/2025   423 NEU DOM0004521 180000.00 06/30/2025 Books   Dewey Decimal Classification       CBE Dodoma CBE Dodoma Reference Collection 09/08/2008 60000.00
06/30/2025   423 NEU DOM0004522 180000.00 06/30/2025 Books   Dewey Decimal Classification       CBE Dodoma CBE Dodoma Reference Collection 09/08/2008 60000.00
06/09/2025   REF 423 WEB 00000011594 30000.00 06/09/2025 Books   Dewey Decimal Classification       College of Business Education Main Library College of Business Education Main Library Reference Collection 03/27/2002 10000.00
06/09/2025   REF 423 WEB 00000011646 30000.00 06/09/2025 Books   Dewey Decimal Classification       College of Business Education Main Library College of Business Education Main Library Reference Collection 06/21/2007 10000.00
06/09/2025   REF 423 WEB 00000011647 30000.00 06/09/2025 Books   Dewey Decimal Classification       College of Business Education Main Library College of Business Education Main Library Reference Collection 06/21/2007 10000.00
06/09/2025   REF 423 WEB 00000011648 30000.00 06/09/2025 Books   Dewey Decimal Classification       College of Business Education Main Library College of Business Education Main Library Reference Collection 06/21/2007 10000.00